| 000 | 00615nam a2200205Ia 4500 | ||
|---|---|---|---|
| 003 | OSt | ||
| 005 | 20260428095337.0 | ||
| 008 | 210210b1989 xxu||||| |||| 00| 0 eng d | ||
| 040 | _cAL | ||
| 041 | _aKannada | ||
| 082 | _a530.092K RADR | ||
| 100 |
_aRADHAKRASHNA (B P) _dರಾಧಾಕೃಷ್ಣ (ಬಿ ಪಿ) _9262957 |
||
| 245 |
_aRaman: avara jivana chitra. _bರಾಮನ್: ಅವರ ಜೀವನ ಚಿತ್ರ |
||
| 260 |
_aBangaluru _bGeological Society _c1989 |
||
| 300 | _axvi,252 | ||
| 650 |
_aRaman CV physicist _9262958 |
||
| 690 |
_aBiography _9262959 |
||
| 906 | _a043156 | ||
| 942 |
_2ddc _cBK |
||
| 999 |
_c92844 _d92844 |
||